LEADER 01698nam a2200337 i 4500 001 000000220180 003 CaOOAMICUS 005 20130502000000.0 008 130502s1997 it u000 u fre u 013 $a199077 020 $a2-204-01316-1 040 $aSeMil$bita 245 13$aLa Bible avec Thérèse de Lisieux. 260 $aParis :$bDesclée de Brouwer,$c1997. 260 $aParis :$bLes Éditions du Cerf,$c1997. 300 $a311 p. :$b20 cm. 490 0 $aTextes de sainte Thérèse de l'Enfant-Jésus et de la Sainte-Face 500 $aSul v. del front. - Cette éd. a été réalisée par soeur Cécile, du Carmel de Lisieux, et soeur Geneviève, du monastère de Clairefontaine. - Fondo card. C. M. Martini. 650 4$aBibbia - Meditazioni.$0(OLS)http://semarc/subject/2560 650 4$aTeresa : del Bambino Gesù - Spiritualità.$0(OLS)http://semarc/subject/6123 700 1 $aCécile .$0(OLS)http://semarc/name/9764 700 1 $aThérèse : de l'Enfant-Jésus,$c.$0(OLS)http://semarc/name/98600 830 0$aTextes de sainte Thérèse de l'Enfant-Jésus et de la Sainte-Face.$0(OLS)http://semarc/title/38927 850 $aSeMil 852 $aSeMil$W1$xVenegono$y1$m2C I 376$j170537$B170537$CSeMilBibl$Z2$F182455 $81 941 1 $a4 961 $aLascito: Martini Card. Carlo Maria 996 $6020$a2-204-01316-1$9(OLS)http://semarc/number/218595 996 $6245$aLa Bible avec Thérèse de Lisieux$9(OLS)http://semarc/title/315839 996 $6260$aParis :$bLes Éditions du Cerf$9(OLS)http://semarc/publisher/29611 996 $6260$aParis :$bDesclée de Brouwer$9(OLS)http://semarc/publisher/30132 LEADER 01120nam a2200217 i 4500 001 000000117411 003 CaOOAMICUS 005 20090828000000.0 008 090828s1922 it u000 u ita u 013 $a90100 040 $aSeMil$bita 100 1 $aXiberta, Bartolomé Maria .$0(OLS)http://semarc/name/22151 245 10$aClavis Ecclesiae :$bde ordine absolutionis sacramentalis ad reconciliationem cum ecclesia dissertatio inauguralis /$cquam scripsit Bartholomaeus F. M.a Xiberta. 260 $aRomae :$bApud Collegium S. Alberti,$c1922. 300 $a95 p. ;$c22 cm. 500 $aContiene: Bibliographia (pp. [5]-7). - Ripr. fotostatica. 650 4$aPenitenza - Assoluzione sacramentale.$0(OLS)http://semarc/subject/21756 850 $aSeMil 852 $aSeMil$W1$xVenegono$y1$m2B III 30$j72801$B72801$CSeMilBibl$Z2$F88215 $81 996 $6245$aClavis Ecclesiae :$bde ordine absolutionis sacramentalis ad reconciliationem cum ecclesia dissertatio inauguralis$9(OLS)http://semarc/title/172375 996 $6260$aRomae :$bApud Collegium S. Alberti$9(OLS)http://semarc/publisher/45695